Особенности структуры и механических свойств чистого алюминия и сплава 1420 после воздействия интенсивной пластической деформации; Известия Томского политехнического университета [Известия ТПУ]; Т. 315, № 2: Математика и механика. Физика
| Parent link: | Известия Томского политехнического университета [Известия ТПУ]/ Томский политехнический университет (ТПУ).— , 2000- Т. 315, № 2: Математика и механика. Физика.— 2009.— [С. 118-122] |
|---|---|
| Hovedforfatter: | |
| Andre forfattere: | |
| Summary: | Заглавие с титульного листа Электронная версия печатной публикации Методами просвечивающей электронной микроскопии и анализа картин дифракции обратно рассеянных электронов исследовано влияние равноканального углового прессования на формирование структуры и механические свойства чистого алюминия и алюминиевого сплава 1420. Установлено, что в результате прессования по маршруту Bc в исследованных материалах формируется ультрамелкозернистая однородная равноосная зеренно-субзеренная структура со средним размером структурных элементов ~2 мкм. Обнаружено, что в случае чистого алюминия средний размер зерна в два раза превышает средний размер субзерна, а в сплаве 1420 значения указанных величин близки. Показано, что в результате равноканального углового прессования механические свойства изученных материалов значительно улучшаются. Обсуждаются факторы, обуславливающие обнаруженные особенности структуры и механических свойств. |
| Sprog: | russisk |
| Udgivet: |
2009
|
| Serier: | Математика и механика. Физика |
| Fag: | |
| Online adgang: | http://www.lib.tpu.ru/fulltext/v/Bulletin_TPU/2009/v315/i2/27.pdf |
| Format: | Electronisk Book Chapter |
| KOHA link: | https://koha.lib.tpu.ru/cgi-bin/koha/opac-detail.pl?biblionumber=176592 |
MARC
| LEADER | 00000nla2a2200000 4500 | ||
|---|---|---|---|
| 001 | 176592 | ||
| 005 | 20231031165339.0 | ||
| 035 | |a (RuTPU)RU\TPU\book\191448 | ||
| 035 | |a RU\TPU\book\191258 | ||
| 090 | |a 176592 | ||
| 100 | |a 20100302d2009 k y0rusy50 ca | ||
| 101 | 0 | |a rus | |
| 102 | |a RU | ||
| 135 | |a drnn ---uucaa | ||
| 181 | 0 | |a i | |
| 182 | 0 | |a b | |
| 200 | 1 | |a Особенности структуры и механических свойств чистого алюминия и сплава 1420 после воздействия интенсивной пластической деформации |b Электронный ресурс |f К. В. Иванов, Е. В. Найденкин | |
| 203 | |a Текст |c электронный | ||
| 215 | |a 1 файл (1.7 Мб) | ||
| 225 | 1 | |a Математика и механика. Физика | |
| 230 | |a Электронные текстовые данные (1 файл : 1.7 Мб) | ||
| 300 | |a Заглавие с титульного листа | ||
| 300 | |a Электронная версия печатной публикации | ||
| 320 | |a [Библиогр.: с. 122 (9 назв.)] | ||
| 330 | |a Методами просвечивающей электронной микроскопии и анализа картин дифракции обратно рассеянных электронов исследовано влияние равноканального углового прессования на формирование структуры и механические свойства чистого алюминия и алюминиевого сплава 1420. Установлено, что в результате прессования по маршруту Bc в исследованных материалах формируется ультрамелкозернистая однородная равноосная зеренно-субзеренная структура со средним размером структурных элементов ~2 мкм. Обнаружено, что в случае чистого алюминия средний размер зерна в два раза превышает средний размер субзерна, а в сплаве 1420 значения указанных величин близки. Показано, что в результате равноканального углового прессования механические свойства изученных материалов значительно улучшаются. Обсуждаются факторы, обуславливающие обнаруженные особенности структуры и механических свойств. | ||
| 337 | |a Adobe Reader | ||
| 461 | 1 | |0 (RuTPU)RU\TPU\book\176237 |t Известия Томского политехнического университета [Известия ТПУ] |f Томский политехнический университет (ТПУ) |d 2000- | |
| 463 | 1 | |0 (RuTPU)RU\TPU\book\191065 |x 1684-8519 |t Т. 315, № 2: Математика и механика. Физика |v [С. 118-122] |d 2009 |p 215 с. | |
| 610 | 1 | |a пластические деформации | |
| 610 | 1 | |a ультрамелкозернистые структуры | |
| 610 | 1 | |a алюминий | |
| 610 | 1 | |a алюминиевые сплавы | |
| 610 | 1 | |a электронный ресурс | |
| 700 | 1 | |a Иванов |b К. В. | |
| 701 | 1 | |a Найденкин |b Е. В. | |
| 801 | 1 | |a RU |b 63413507 |c 20090623 |g PSBO | |
| 801 | 2 | |a RU |b 63413507 |c 20211216 |g PSBO | |
| 856 | 4 | |u http://www.lib.tpu.ru/fulltext/v/Bulletin_TPU/2009/v315/i2/27.pdf | |
| 942 | |c CF | ||